Daily Inspiration (Record no. 85594)

MARC details
000 -LEADER
fixed length control field 00519nam a2200205Ia 4500
005 - DATE AND TIME OF LATEST TRANSACTION
control field 20251113225726.0
008 - FIXED-LENGTH DATA ELEMENTS--GENERAL INFORMATION
fixed length control field 230125s9999 xx 000 0 und d
020 ## - INTERNATIONAL STANDARD BOOK NUMBER
International Standard Book Number 978-81-7992-794-6
041 ## - LANGUAGE CODE
Language code of text/sound track or separate title eng
082 ## - DEWEY DECIMAL CLASSIFICATION NUMBER
Classification number 158.1
Item number SHA
100 ## - MAIN ENTRY--PERSONAL NAME
Author Sharma R
245 ## - TITLE STATEMENT
Title Daily Inspiration
260 ## - PUBLICATION, DISTRIBUTION, ETC.
Date of publication, distribution, etc. 2008
Name of publisher, distributor, etc. Jaico Publishing House
Place of publication, distribution, etc. Mumbai
300 ## - PHYSICAL DESCRIPTION
Extent 162p
500 ## - GENERAL NOTE
Keywords Personality Development,
650 ## - SUBJECT ADDED ENTRY--TOPICAL TERM
Topical term or geographic name entry element Personality Development
700 ## - ADDED ENTRY--PERSONAL NAME
Personal name Sharma R
942 ## - ADDED ENTRY ELEMENTS (KOHA)
Koha item type Books
906 ## - LOCAL DATA ELEMENT F, LDF (RLIN)
b 35
Holdings
Withdrawn status Lost status Damaged status Not for loan Home library Current library Date acquired Vendor Net Price Bill number Total Checkouts Total Renewals Full call number Barcode Date last seen Date last checked out Actual Price Bill Date Koha item type Original Barcode
        Smt. Hiraben Nanavati Institute of Management & Research for Women Smt. Hiraben Nanavati Institute of Management & Research for Women 29/10/2009 Forward Books 175.00 3151 4 4 158.1 SHA B07898 HIMR-BK-7898 03/01/2026 26/11/2025 140.00 15/10/2009 Books B07898